Santa Baby - Ariana Grande (All Lyrics) - Statistics

General Stats
  • This quiz has been taken 66 times
  • The average score is 116 of 190
Answer Stats
Answer % Correct
baby
100%
Santa
100%
a
92%
A
92%
I
92%
the
88%
The
88%
do
87%
me
87%
to
79%
be
75%
an
71%
chimney
71%
down
71%
for
69%
tonight
69%
you
67%
And
65%
and
65%
I've
65%
been
63%
hurry
63%
Hurry
63%
So
63%
tree
63%
If
62%
if
62%
year
62%
good
60%
on
60%
really
60%
under
60%
girl
56%
all
54%
awful
54%
Slip
52%
in
50%
one
50%
don't
48%
just
48%
of
48%
too
48%
that
44%
thing
44%
blue
42%
Christmas
42%
convertible
42%
not
42%
ring
42%
Think
42%
want
42%
as
40%
my
40%
Next
40%
Sable
40%
angel
38%
honey
38%
light
38%
mean
38%
need
38%
deed
37%
kissed
37%
little
37%
missed
37%
fun
35%
haven't
35%
list
35%
believe
33%
Come
33%
phone
33%
check
31%
could
31%
fellas
31%
off
31%
that's
31%
yacht
31%
Let's
29%
mine
29%
platinum
29%
see
29%
'54
27%
at
25%
But
25%
I'll
25%
With
25%
Forgot
21%
up
21%
wait
21%
dear
19%
decorations
19%
mention
19%
bought
17%
some
17%
Tiffany's
17%
trim
15%
lie
10%
Waiting
6%
No matching quizzes found
Score Distribution
Percent of People with Each Score
Percentile by Number Answered
Your Score History
You have not taken this quiz